Management

Saved in:
Bibliographic Details
Main Author: Stoner, James A.F
Other Authors: Freeman, R. Edward
Format: Book
Language:English
Published: Englewood Cliffs Prentice Hall 1989
Edition:4. ed.
Tags: Add Tag
No Tags, Be the first to tag this record!

MARC

LEADER 00000nam a2200000 4500
001 c041203
005 20221206131434.1
041 0 |a eng 
044 |a US 
245 1 0 |a Management  |c James A.F. Stoner, R. Edward Freeman 
250 |a 4. ed. 
264 1 |a Englewood Cliffs  |b Prentice Hall  |c 1989 
300 |a 796 s. 
100 1 |a Stoner, James A.F. 
700 1 |a Freeman, R. Edward